|
|
|
|
| LEADER |
00784nam a2200253Ia 4500 |
| 008 |
141004s9999 xx 000 0 und d |
| 020 |
|
|
|a 0 85323 334 9
|
| 040 |
|
|
|c a
|
| 041 |
|
|
|a English
|
| 082 |
|
|
|a 363.7
|
| 082 |
|
|
|b LAN/EL
|
| 100 |
|
|
|a TE Langford
|
| 245 |
|
|
|a Electricity generation and the ecology of natural waters
|
| 245 |
|
|
|c TE Langford
|
| 260 |
|
|
|a Liverpool
|
| 260 |
|
|
|b Liverpool university press
|
| 260 |
|
|
|c 1983
|
| 300 |
|
|
|a 342 p.
|
| 300 |
|
|
|b 23 cm
|
| 501 |
|
|
|a 3A3
|
| 650 |
|
|
|a Water-power electric plants
|
| 942 |
|
|
|c BK
|
| 999 |
|
|
|c 174133
|d 174133
|
| 952 |
|
|
|0 0
|1 0
|2 ddc
|4 0
|6 577_600000000000000_LAN_EL
|7 0
|8 ECO
|9 179147
|a KAUCOF
|b KAUCOF
|o 577.6 LAN/EL
|p KAU_COF-4853
|r 2014-10-04
|w 2014-10-04
|y BK
|